| 000 | 00871nam a2200277 i 4500 | ||
|---|---|---|---|
| 001 | 200462109 | ||
| 003 | TR-AnTOB | ||
| 005 | 20240726162511.0 | ||
| 007 | ta | ||
| 008 | 240726s1997 tu a 000 0 tur d | ||
| 035 | _a(TR-AnTOB)200462109 | ||
| 040 |
_aTR-AnTOB _beng _erda _cTR-AnTOB |
||
| 041 | 0 | _atur | |
| 050 | 4 |
_aHF5230.5.B877 _bG46 1997 |
|
| 090 |
_aHF5230.5.B877 _bG46 1997 |
||
| 245 | 0 | 0 | _aGemlik Ticaret ve Sanayii Odası kataloğu. |
| 264 | 1 |
_aGemlik : _bGemlik Ticaret ve Sanayi Odası, _c1997. |
|
| 300 |
_a179 pages : _billustrations ; _c30 cm |
||
| 336 |
_atext _btxt _2rdacontent |
||
| 337 |
_aunmediated _bn _2rdamedia |
||
| 338 |
_avolume _bnc _2rdacarrier |
||
| 651 | 7 |
_aGemlik (Bursa İli, Türkiye) _xTicaret _vKataloglar _2etuturkob _9146619 |
|
| 710 | 2 |
_aGemlik Ticaret ve Sanayi Odası _9146618 |
|
| 942 |
_2lcc _cBK |
||
| 999 |
_c200462109 _d80321 |
||